Kariera klubowa Wojciecha Szczęsnego - Statystyki

Ogólne statystyki
  • Ten quiz został rozwiązany 1 102 razy
    470 od ostatniego zresetowania
  • Średni wynik to 4 z 5
Statystyki odpowiedzi
Lata gry Klub % Poprawnych
2024 - obecnie FC Barcelona
99%
2017 - 2024 Juventus
99%
2009 - 2017 Arsenal
93%
2015 - 2017 AS Roma
76%
2009 - 2010 Brentford
28%
Nie znaleziono quizów pasujących do podanych kryteriów
Rozkład punktacji
Procent ludzi z każdym wynikiem
Percentyl według liczby udzielonych odpowiedzi
Twoja historia wyników
Nie rozwiązałeś tego quizu od ostatniego zresetowania